000 01171nam0a22003251 4500
001 RU\NLR\INFOCOMM_17\5000666885
005 20250613094600.0
035 _a(NLR Aleph) 009267093
090 _a9078891
_c9078891
100 _a20100823d1990 |||y0rusy50 ca
101 0 _aeng
102 _aRU
105 _aa ||||000|y
200 1 _aCosmological evolution of neutrino balls
_fA. D. Dolgov, O. Yu. Markin
210 _aМ.
_cИн-т теорет. и эксперим. физики
_d1990
215 _a16 с.
_cил.
_d20 см
225 1 _aInstitute of theoretical and experimental physics
_v62-90
300 _aВ вып. дан.: Космологическая эволюция нейтринных шаров / А. Д. Долгов, О. Ю. Маркин
320 _aБиблиогр.: с. 15
606 _aКосмология
_2nlr_sh1
686 _aВ632.93
_2rubbk
686 _aВ632.4
_2rubbk
700 1 _aDolgov
_bA. D.
_gAleksandr Dmitrievič
_4070
701 1 _9z01790
_aMarkin
_bO. Ju.
_4070
790 1 _9z01701
_aMarkin
_bO. Yu.
_4070
801 1 _aRU
_bNLR
_c20100823
801 0 _aRU
_bNLR
_gPSBO
852 _aNLR
_jА01 Д-4/476
942 _cBOOK
980 _aNB